Score 0/136 Timer 15:00
0 Plays Today
Person Pokémon % Correct
AshPikachu
92.3%
BrockGeodude
90.8%
BrockOnix
90.5%
AshSquirtle
86%
MaySquirtle
86%
AshBulbasaur
85.8%
MayBulbasaur
85.8%
AshCharmander
85.5%
JessieEkans
84.3%
MistyStaryu
84%
MistyStarmie
83%
AshCharizard
82.8%
JessieCharizard
82.5%
JamesKoffing
82.3%
JessieArbok
81%
AshCharmeleon
80.5%
JamesWeezing
78.8%
AshCaterpie
77.5%
AshPidgeot
77.5%
AshButterfree
77.3%
AshMetapod
76.8%
AshPidgeotto
75%
MistyGoldeen
69.5%
BrockZubat
68.5%
MistyTogepi
67.8%
AshTauros
67.3%
MistyPsyduck
65.8%
AshKrabby
65.5%
BrockVulpix
65.5%
JamesVictreebel
65.5%
AshMuk
64.3%
MistyHorsea
63.5%
JamesMagikarp
63%
Jessie and JamesMagikarp
63%
JamesWeepinbell
62.8%
JamesGyarados
62.8%
MayTorchic
62.8%
MistyGyarados
62.8%
AshCyndaquil
62.5%
BrockGolbat
62%
AshChikorita
61.5%
JamesGrowlithe
60.5%
AshSnorlax
60.5%
AshTotodile
60.5%
JessieLickitung
59.8%
AshLapras
59.8%
Person Pokémon % Correct
BrockCrobat
59.5%
AshTreecko
59.3%
AshBayleef
59%
AshPrimeape
58.3%
BrockMudkip
58%
MayCombusken
57.8%
DawnPiplup
57.3%
MayWartortle
57%
MistyPoliwag
56.8%
MayBlaziken
56.8%
TraceyScyther
56.5%
AshChimchar
56.5%
AshRaticate
55.8%
MistyPoliwhirl
55.5%
JamesCacnea
55%
BrockSteelix
54.8%
AshStarly
54.8%
JessieWobbuffet
54.5%
AshStaravia
54.5%
MayIvysaur
54.3%
TraceyMarill
54%
AshGrovyle
54%
AshHaunter
53.8%
AshSceptile
53.8%
AshStaraptor
53.8%
TraceyVenonat
53.5%
AshAipom
53%
MayVenusaur
53%
DawnAipom
53%
JessieSeviper
52.8%
AshSwellow
52.8%
AshNoctowl
52.3%
MayWurmple
52.3%
JessieWurmple
52.3%
MayEevee
52.3%
MayBeautifly
52%
JessieDustox
52%
AshHeracross
51.8%
AshTaillow
51.8%
MaySilcoon
51.3%
AshBeedrill
51%
BrockMarshtomp
51%
AshGrotle
51%
BrockSudowoodo
50.8%
MistyPolitoed
50.5%
JamesMime Jr.
50.5%
Person Pokémon % Correct
JessieCascoon
50.3%
JamesCarnivine
50.3%
DawnBuizel
50%
AshBuizel
50%
BrockPineco
49%
AshKingler
49%
AshPhanpy
48.3%
BrockBonsly
48.3%
BrockHappiny
47.8%
AshGliscor
47.8%
AshGligar
47.5%
BrockLotad
47%
MistyTogetic
47%
AshTurtwig
46.8%
MistyCorsola
46.5%
BrockForretress
46.5%
BrockCroagunk
46.5%
DawnBuneary
46.5%
AshDonphan
46.3%
MayGlaceon
46.3%
DawnAmbipom
46.3%
JamesChimecho
46%
BrockLombre
45.5%
AshTorkoal
45.5%
MaySkitty
45.3%
AshCorphish
45%
BrockLudicolo
45%
AshSnorunt
45%
AshLarvitar
44.5%
AshGlalie
44.5%
DawnPachirisu
44%
DawnSwinub
43.8%
AshMonferno
43.8%
DawnPiloswine
43.5%
DawnMamoswine
43.5%
MayMunchlax
43%
JessieYanmega
42.5%
JessieYanma
39.5%
MistyLuvdisc
39.3%
MistyAzurill
39%
JessieShellder
36%
JamesAggron
33.3%
JamesHoppip
31.5%
MayManaphy
24.3%

You're not logged in!

Compare scores with friends on all Sporcle quizzes.
OR
Log In

Sporcle TV

Today on Sporcle TV


Watch our educational content, quiz creation guides, and fun videos on Sporcle TV.

Show Comments

Extras

Created Oct 5, 2009ReportNominate
Tags:Pokémon Quiz, ash, Obtained, own, Person

Top Quizzes Today


Score Distribution

Paid Content

Your Account Isn't Verified!

In order to create a playlist on Sporcle, you need to verify the email address you used during registration. Go to your Sporcle Settings to finish the process.

Report this User

Report this user for behavior that violates our Community Guidelines.

Details: